000
00316nam a2200133Ia 4500
008
191201s2011 xx 000 0 und d
100
_a
SHARMA,Sanjay
245
0
_a
Fundamentals of Signals and Systems
250
_a
Rep
260
_c
2011
_b
S.K.Kataria
_a
N. delhi
300
_a
530
650
_a
ECE
942
_2
ddc
_c
BB
999
_c
7431
_d
7431